[Event "MNT-CupT"]
[Site "Montenegro"]
[Date "2016.04.10"]
[Round "1"]
[White "Nikolic, Zoran"]
[Black "Kosic, Dragan"]
[Result "0-1"]
[WhiteElo "2130"]
[BlackElo "2509"]
[PlyCount "90"]
[EventDate "2016.04.10"]
[EventType "team-k.o."]
[EventRounds "4"]
[EventCountry "MNE"]
[SourceTitle "EXT 2018"]
[Source "ChessBase"]
[SourceDate "2017.10.13"]
[SourceVersion "1"]
[SourceVersionDate "2017.10.13"]
[SourceQuality "1"]
[WhiteTeam "Podgorica Zora"]
[BlackTeam "Cetinje Crnogorac"]
[WhiteTeamCountry "MNE"]
[BlackTeamCountry "MNE"]

1. d4 Nf6 2. Nf3 e6 3. Bf4 d5 4. Nbd2 Bd6 5. Ne5 Nh5 6. Bg3 Nxg3 7. hxg3 Nd7 8. Ndf3 Qf6 9. Nxd7 Bxd7 10. e3 0-0-0 11. Qd2 h5 12. 0-0-0 Bc6 13. Kb1 g5 14. Bd3 g4 15. Nh4 Kb8 16. c3 Rhg8 17. Rde1 Qg5 18. Qe2 a6 19. e4 dxe4 20. Bxe4 Bxe4+ 21. Qxe4 c5 22. dxc5 Bxc5 23. Re2 Rd5 24. Qf4+ Qxf4 25. gxf4 g3 26. fxg3 Rxg3 27. Nf3 Bd6 28. Ne5 Bxe5 29. fxe5 Rg5 30. Rf1 Rdxe5 31. Rxe5 Rxe5 32. Rxf7 Re1+ 33. Kc2 Re2+ 34. Kb3 Rxg2 35. Rf6 Re2 36. Rh6 Re5 37. Kc4 Kc7 38. Rh7+ Kc6 39. a4 Rg5 40. Kd4 Rg4+ 41. Ke5 Rxa4 42. b4 a5 43. Rxh5 axb4 44. cxb4 Rxb4 45. Rh6 Rb1 0-1

[Event "MNT CupT"]
[Site "Cetinje"]
[Date "2012.05.25"]
[Round "1"]
[White "Todorovic, Jovan"]
[Black "Nikolic, Zoran"]
[Result "1-0"]
[WhiteElo "2421"]
[BlackElo "2170"]
[PlyCount "56"]
[EventDate "2012.05.25"]
[EventType "team-swiss"]
[EventRounds "5"]
[EventCountry "MNE"]
[SourceTitle "CBM 148 Extra"]
[Source "ChessBase"]
[SourceDate "2012.06.22"]
[SourceVersion "1"]
[SourceVersionDate "2012.06.22"]
[SourceQuality "1"]

1. e4 d6 2. d4 Nf6 3. Nc3 Nbd7 4. Nf3 e5 5. g4 g6 6. g5 Nh5 7. Be3 c6 8. Qd2 Qc7 9. 0-0-0 a6 10. Be2 Be7 11. Nh4 Ng7 12. f4 exf4 13. Bxf4 Ne6 14. Be3 h6 15. Nf3 Nxg5 16. Nxg5 hxg5 17. Bxg5 Bxg5 18. Qxg5 Qd8 19. Qg3 Qe7 20. h4 Nf6 21. e5 dxe5 22. dxe5 Nh5 23. Bxh5 Rxh5 24. Ne4 Qxe5 25. Qa3 c5 26. Rhe1 Kf8 27. Kb1 Be6 28. Ng5 Qc7 1-0

[Event "SRB-chT2 East"]
[Site "Pozarevac"]
[Date "2009.10.10"]
[Round "10.5"]
[White "Colic, Ninoslav"]
[Black "Nikolic, Zoran"]
[Result "1/2-1/2"]
[WhiteElo "2273"]
[BlackElo "2254"]
[PlyCount "25"]
[EventDate "2009.09.06"]
[EventType "team"]
[EventRounds "11"]
[EventCountry "SRB"]
[SourceTitle "EXT 2012"]
[Source "ChessBase"]
[SourceDate "2011.11.24"]
[SourceVersion "1"]
[SourceVersionDate "2011.11.24"]
[SourceQuality "1"]

1. d4 Nf6 2. Nf3 b6 3. g3 Bb7 4. Bg2 g6 5. 0-0 Bg7 6. Nbd2 c5 7. c3 0-0 8. Re1 cxd4 9. cxd4 d5 10. e3 Nc6 11. a3 Rc8 12. b4 e6 13. Bb2 1/2-1/2

[Event "SRB-chT2 East"]
[Site "Golubac"]
[Date "2008.10.18"]
[Round "10.6"]
[White "Dmitrovic, Tomislav"]
[Black "Nikolic, Zoran"]
[Result "1/2-1/2"]
[WhiteElo "2272"]
[BlackElo "2201"]
[PlyCount "42"]
[EventDate "2008.09.14"]
[EventType "team"]
[EventRounds "11"]
[EventCountry "SRB"]
[SourceTitle "EXT 2012"]
[Source "ChessBase"]
[SourceDate "2011.11.24"]
[SourceVersion "1"]
[SourceVersionDate "2011.11.24"]
[SourceQuality "1"]

1. c4 Nf6 2. Nc3 g6 3. g3 Bg7 4. Bg2 c5 5. Nf3 Nc6 6. 0-0 0-0 7. d4 cxd4 8. Nxd4 Ng4 9. e3 Nge5 10. b3 Nxd4 11. exd4 Nc6 12. Ne2 d6 13. h3 Bd7 14. Bb2 Rb8 15. Qd2 b5 16. c5 dxc5 17. dxc5 Qc8 18. Bxg7 Kxg7 19. Qb2+ f6 20. Kh2 Ne5 21. b4 Bc6 1/2-1/2

[Event "SRB-chT2 East"]
[Site "Golubac"]
[Date "2008.09.28"]
[Round "3.5"]
[White "Nikolic, Zoran"]
[Black "Petkovic, Dragoslav"]
[Result "1-0"]
[WhiteElo "2201"]
[BlackElo "2263"]
[PlyCount "107"]
[EventDate "2008.09.14"]
[EventType "team"]
[EventRounds "11"]
[EventCountry "SRB"]
[SourceTitle "EXT 2012"]
[Source "ChessBase"]
[SourceDate "2011.11.24"]
[SourceVersion "1"]
[SourceVersionDate "2011.11.24"]
[SourceQuality "1"]

1. e4 d6 2. d4 Nf6 3. Nc3 c6 4. Bc4 b5 5. Bd3 e5 6. dxe5 dxe5 7. a4 b4 8. Nb1 Nbd7 9. Nf3 Qc7 10. Nbd2 Nc5 11. Qe2 Bg4 12. Nc4 Ne6 13. Be3 Nd7 14. h3 Bh5 15. g4 Bg6 16. Nh4 Ndc5 17. Nf5 0-0-0 18. b3 Nxd3+ 19. cxd3 Bc5 20. 0-0-0 Bxf5 21. exf5 Nd4 22. Bxd4 Bxd4 23. Kc2 Rhe8 24. Nd2 Qb6 25. Ne4 Rd5 26. Kb1 Red8 27. Rc1 Kb7 28. Rc4 a5 29. Rhc1 c5 30. g5 Qc6 31. Ka2 Kb6 32. Qh5 Bc3 33. Nxc3 bxc3 34. R1xc3 e4 35. d4 g6 36. Qxh7 Rxf5 37. Rc2 Qe6 38. Qg7 Rf3 39. dxc5+ Kc6 40. R4c3 Rdd3 41. Qh8 Rxc3 42. Rxc3 Rxc3 43. Qxc3 Qf5 44. Qf6+ Kxc5 45. Qxf5+ gxf5 46. Kb2 f4 47. Kc2 Kd4 48. h4 Ke5 49. h5 Kf5 50. h6 Kg6 51. Kc3 f6 52. gxf6 Kxf6 53. Kc4 e3 54. fxe3 1-0

[Event "Serbia-chT central"]
[Site "Golubac"]
[Date "2003.??.??"]
[Round "?"]
[White "Nikolic, Zoran"]
[Black "Stankovic, Bozidar"]
[Result "1-0"]
[WhiteElo "2211"]
[BlackElo "2264"]
[PlyCount "73"]
[EventDate "2003.09.27"]
[EventType "team"]
[EventRounds "11"]
[EventCountry "YUG"]
[SourceTitle "CBM 096 Extra"]
[Source "ChessBase"]
[SourceDate "2003.10.22"]
[SourceVersion "2"]
[SourceVersionDate "2003.10.20"]
[SourceQuality "1"]

1. e4 e5 2. Nf3 Nc6 3. Bb5 Nd4 4. Nxd4 exd4 5. d3 Nf6 6. 0-0 c6 7. Bc4 d5 8. exd5 Nxd5 9. Re1+ Be7 10. Bg5 0-0 11. Bxe7 Nxe7 12. Qf3 Ng6 13. Nd2 Rb8 14. Qg3 Bf5 15. Ne4 h5 16. h3 b5 17. Bb3 Bxe4 18. Rxe4 Qf6 19. Rae1 Rbc8 20. f4 Nh4 21. Qg5 c5 22. Qxh5 c4 23. dxc4 bxc4 24. Ba4 Rfd8 25. Bd7 g6 26. Qg4 Rb8 27. b3 cxb3 28. cxb3 d3 29. Kh2 Qd6 30. Be6 d2 31. Rd1 fxe6 32. Qxh4 Rbc8 33. Qf6 e5 34. Qxd6 Rxd6 35. fxe5 Rc1 36. exd6 Rxd1 37. Rd4 1-0

[Event "Serbia-chT central"]
[Site "Golubac"]
[Date "2003.??.??"]
[Round "?"]
[White "Nikolic, Zoran"]
[Black "Vratonjic, Slobodan"]
[Result "0-1"]
[WhiteElo "2211"]
[BlackElo "2439"]
[PlyCount "128"]
[EventDate "2003.09.27"]
[EventType "team"]
[EventRounds "11"]
[EventCountry "YUG"]
[SourceTitle "CBM 096 Extra"]
[Source "ChessBase"]
[SourceDate "2003.10.22"]
[SourceVersion "2"]
[SourceVersionDate "2003.10.20"]
[SourceQuality "1"]

1. e4 c5 2. Nf3 e6 3. d4 cxd4 4. Nxd4 Nc6 5. Nb5 d6 6. Bf4 e5 7. Be3 Be7 8. N1c3 Nf6 9. Na3 0-0 10. Be2 Be6 11. 0-0 d5 12. Nxd5 Bxd5 13. exd5 Nxd5 14. Qd3 Nxe3 15. Qxe3 Qd4 16. Nc4 Qxe3 17. Nxe3 Bc5 18. c3 Rfd8 19. Rfd1 Bxe3 20. fxe3 f5 21. Bb5 Kf7 22. Kf2 Rxd1 23. Rxd1 Rd8 24. Rxd8 Nxd8 25. Bc4+ Kf6 26. e4 g6 27. Bd5 b6 28. b4 b5 29. c4 bxc4 30. Bxc4 Nc6 31. b5 Nd4 32. a4 Ke7 33. a5 Kd6 34. b6 axb6 35. axb6 f4 36. Bd5 g5 37. g3 h6 38. gxf4 gxf4 39. h4 Kd7 40. Kg2 Kc8 41. Kf2 Nc2 42. Kf3 Ne3 43. Bc6 Kb8 44. h5 Kc8 45. Kf2 Nc4 46. Kf3 Nxb6 47. Kg4 Kc7 48. Bb5 Nc8 49. Kf5 Kd6 50. Kg6 Ke7 51. Kxh6 Kf6 52. Kh7 Nd6 53. Bd3 Nf7 54. Kg8 Ng5 55. Bc2 f3 56. Bb1 f2 57. Bd3 Nxe4 58. h6 Ng5 59. h7 Nxh7 60. Kxh7 e4 61. Be2 Kg5 62. Kg7 Kf4 63. Kf6 Ke3 64. Bf1 Kd2 0-1

[Event "Nis op"]
[Site "Nis"]
[Date "1997.??.??"]
[Round "9"]
[White "Nikolic, Zoran"]
[Black "Vratonjic, Slobodan"]
[Result "0-1"]
[WhiteElo "2250"]
[BlackElo "2435"]
[PlyCount "66"]
[EventDate "1997.??.??"]
[EventType "swiss"]
[EventRounds "11"]
[EventCountry "YUG"]
[SourceTitle "EXT 2002"]
[Source "ChessBase"]
[SourceDate "2001.11.25"]
[SourceVersion "1"]
[SourceVersionDate "2001.11.25"]
[SourceQuality "1"]

1. d4 Nf6 2. c4 e6 3. Nf3 Bb4+ 4. Bd2 Bxd2+ 5. Qxd2 0-0 6. Nc3 d5 7. e3 b6 8. cxd5 Nxd5 9. Bd3 Bb7 10. Rc1 Nd7 11. Ne4 Rc8 12. 0-0 Qe7 13. a3 Rfd8 14. Qe2 e5 15. Ng3 exd4 16. Nxd4 c5 17. Ndf5 Qe6 18. Qh5 g6 19. Qh3 N7f6 20. Qh6 Ne8 21. Rc4 Ndf6 22. Bb1 Ba6 23. Rcc1 Bxf1 24. Rxf1 Rc7 25. Bc2 Rd2 26. Bb1 Rcd7 27. Nh4 Rd1 28. Nf3 Rxf1+ 29. Nxf1 Rd1 30. N3d2 Qd6 31. e4 Ng4 32. Qh4 h5 33. Qg3 Rxd2 0-1

[Event "YUG-ch sf"]
[Site "Niska Banja"]
[Date "1996.??.??"]
[Round "8"]
[White "Kontic, Djordjije"]
[Black "Nikolic, Zoran"]
[Result "1-0"]
[WhiteElo "2400"]
[BlackElo "2220"]
[PlyCount "35"]
[EventDate "1996.??.??"]
[EventType "swiss"]
[EventRounds "11"]
[EventCountry "YUG"]
[SourceTitle "EXT 2002"]
[Source "ChessBase"]
[SourceDate "2001.11.25"]
[SourceVersion "1"]
[SourceVersionDate "2001.11.25"]
[SourceQuality "1"]

1. e4 e5 2. Nf3 Nc6 3. Bc4 Bc5 4. b4 Bxb4 5. c3 Ba5 6. d4 d6 7. Qb3 Qd7 8. dxe5 dxe5 9. 0-0 Bb6 10. Rd1 Qe7 11. a4 Bg4 12. a5 Nxa5 13. Rxa5 Bxa5 14. Ba3 Qf6 15. Qxb7 Rd8 16. Bb5+ Bd7 17. Rxd7 Rxd7 18. Qc8+ 1-0